home page   АИС "Историко-культурное наследие Беларуси"
  Базовый | Расширенный | Профессиональный | Словарь персоналий | Тематический словарь | По видам объектов История запросов  Заказы    Регистрация

Запись в MARC-формате

копировать MARC-запись

=LDR  00000nx\\c2200193\\\45\\
=001  BY-NLB-ar8032725
=005  20160330095642.8
=100  \\$a20141003abely50\\\\\\ca0
=152  \\$apsbo
=160  \\$ae-bw
=215  \\$aКасцёл Найсвяцейшай Дзевы Марыі (Задарожжа, вёска; Глыбоцкі раён)
=300  1\$aПабудаваны ў 1910 г. на ахвяраванні парафіян. Помнік архітэктуры неаготыкі. Архітэктар – А. Дубовік.
=356  \\$aЗнаходзіцца ў в. Задарожжа Пліскага сельсавета Глыбоцкага раёна Віцебскай вобласці.
=415  \\$aЗадарожскі касцёл
=515  \\$5w$3BY-NLB-ar8032650$aКостел Наисвятейшей Девы Марии (Задорожье, деревня; Глубокский район)
=801  \0$aBY$bBY-HM0000$c20141003
=810  \\$aКаталіцкія храмы Беларусі / А. М. Кулагін. — Мінск, 2008.
=999  \\$f40 NLB-NDARD$t20141003
=999  \\$h1848 NLB-NDARD$t20141114

Чтобы вернуться назад, щелкните кнопку BACK на Вашем браузере